MONTE CARLO METHODS IN FINANCIAL ENGINEE (Record no. 20798)
[ view plain ]
| 000 -LEADER | |
|---|---|
| fixed length control field | 00352nam a2200133Ia 4500 |
| 008 - FIXED-LENGTH DATA ELEMENTS--GENERAL INFORMATION | |
| fixed length control field | 240624s9999 xx 000 0 und d |
| 041 ## - LANGUAGE CODE | |
| Language code of text/sound track or separate title | eng |
| 082 ## - DEWEY DECIMAL CLASSIFICATION NUMBER | |
| Classification number | 658.155 GLA |
| 100 ## - MAIN ENTRY--PERSONAL NAME | |
| Personal name | GLASSERMAN PAUL |
| 245 ## - TITLE STATEMENT | |
| Title | MONTE CARLO METHODS IN FINANCIAL ENGINEE |
| 260 ## - PUBLICATION, DISTRIBUTION, ETC. | |
| Date of publication, distribution, etc. | 2004 |
| Place of publication, distribution, etc. | London |
| Name of publisher, distributor, etc. | Springer |
| 300 ## - PHYSICAL DESCRIPTION | |
| Extent | xiii, : 596 : p. : cm. ; 24 |
| 365 ## - TRADE PRICE | |
| Currency code | ERU |
| Price amount | 26 |
| Withdrawn status | Lost status | Damaged status | Not for loan | Home library | Current library | Shelving location | Date acquired | Source of acquisition | Cost, normal purchase price | Full call number | Barcode | Date last seen | Copy number | Price effective from | Koha item type |
|---|---|---|---|---|---|---|---|---|---|---|---|---|---|---|---|
| IMTN | IMTN | Rack 25-B | 12/14/2012 | TB | 54.95 | 658.155 GLA | 20798 | 06/24/2024 | 74.2 | 06/24/2024 | Books |